Nation und Nationalität

Titel: Nation und Nationalität : zu einigen Aspekten der Anschauungswelt Johannes Urzidils / Štěpán Pečený
Verfasser:
In: Brünner Beiträge zur Germanistik und Nordistik, Band 20 (2006), Seite 177-181
alle Artikel anzeigen
Veröffentlicht: 2006
Format: Aufsatz
Sprache: Deutsch
Schlagworte:
Kein Bild verfügbar
X
alg: 18425423
001A    $04504:07-02-07 
001B    $01999:19-07-19 $t22:57:38.000 
001D    $04504:07-02-07 
001U    $0utf8 
001X    $00 
002@    $0Aou 
003@    $018425423X 
007A    $018425423X $aHEB 
010@    $ager 
011@    $a2006 
021A    $aNation und Nationalität $dzu einigen Aspekten der Anschauungswelt Johannes Urzidils $hŠtěpán Pečený 
028A    $7 $8Pečený, Štěpán [Tnu] $9184254205 
031A    $d20 $h177-181 $j2006 
039B    $aIn $8--Abvc--. Brünner Beiträge zur Germanistik und Nordistik. - Brno : Masarykova Univerzita, 1977-. - ISSN 1211-4979 $x200600000200000823 $9047483814 
044K    $#Urzidil, Johannes $#Urzidil, John $#Urzidil, J. $#Helmar, Hans $7118763938 $8Urzidil, Johannes$Z1896-1970 [Tp1] $908710461X 
044K    $RMotiv $74171206-7 $8Nation$gMotiv [Ts1] $9085787353 
045T    $a7,20 $a7,22 
045T    $aLING $qDE-30 $2FID 
045T    $aGER $qDE-30 $2FID 
045V    $aUrzidil, Johannes $817.18.00$jZu einzelnen Autoren [Tkx] $9118843737 

lok: 18425423 62

exp: 18425423 62 1 #EPN
201B/01 $007-02-07 $t20:41:34.000 
203@/01 $0500780706 
208@/01 $a07-02-07 $be 
209A/01 $a/ $f000 $x00 
209B/01 $a2007 $x05 
247C/01 $8Frankfurt, Bibliographie der Deutschen Sprach- und Literaturwissenschaft $9113214561 
201U/01 $0utf8 

lok: 18425423 78

exp: 18425423 78 1 #EPN
201B/01 $023-11-20 $t15:29:45.000 
201C/01 $023-11-20 
201U/01 $0utf8 
203@/01 $01131089006 
208@/01 $a23-11-20 $be 
209A/01 $a/ $f000 $x00 
209A/01 $ab*p $x01 
220C/01 $apgar 
244Z/01 $#Böhmische Kronländer $#Länder der Böhmischen Krone $#Sudetenland $#Böhmen $#Mähren $#Mährisch-Schlesien $#Österreichisch-Schlesien $#Tschechische Sozialistische Republik Böhmische Länder $#Tschechei Böhmische Länder $#Země koruny české $74069573-6 $8--Tg1--Böhmische Länder $x01 $9085195553 
247C/01 $82080>Marburg/Lahn, Herder-Institut, Forschungsbibliothek, Bibliographieportal $9336309341
LEADER 00000caa a2200000 c 4500
001 18425423X
003 DE-603
005 20190719225738.0
007 tu
008 070207s2006 xx |||| | u00||u|ger c
035 |a (DE-599)HEB18425423X 
040 |a DE-603  |b ger  |c DE-603  |d DE-603 
041 |a ger 
084 |a 7,20  |a 7,22  |2 ssgn 
084 |a LING  |q DE-30  |2 fid 
084 |a GER  |q DE-30  |2 fid 
100 1 |a Pečený, Štěpán  |0 (DE-603)184254205 
245 0 0 |a Nation und Nationalität  |b zu einigen Aspekten der Anschauungswelt Johannes Urzidils  |c Štěpán Pečený 
264 0 |c 2006 
600 1 7 |a Urzidil, Johannes  |d 1896-1970  |0 (DE-588)118763938  |0 (DE-603)08710461X  |2 gnd 
650 7 |a Nation  |g Motiv  |0 (DE-588)4171206-7  |0 (DE-603)085787353  |2 gnd 
773 0 8 |i In  |t Brünner Beiträge zur Germanistik und Nordistik  |d Brno : Masarykova Univerzita, 1977-  |h 25 cm  |x 1211-4979  |g Band 20 (2006), Seite 177-181  |w (DE-603)047483814  |w (DE-600)303173-1 
924 0 |9 603  |a (DE-603)500780706  |b DE-603  |c HES  |d d 
924 0 |9 2080  |a (DE-603)1131089006  |b DE-2080  |c HES  |d d  |g /